000
00220 a2200097 4500
001
17730
100
_a
Hinton, H C
245
_a
Introduction to chinese politics
260
_a
_b
David & charles
_c
090
_c
13099
_d
13099
942
_a
NUST-CAE
_c
M
_c
3446
999
_c
252803
_d
252803